|
|
|
|
| LEADER |
00000nam a2200000 a 4500 |
| 001 |
vtls008394284 |
| 003 |
SK-MaSNL |
| 005 |
20260301123551.0 |
| 008 |
251124s1921 xo hun |
| 015 |
|
|
|a SKSNBA19191938-006114
|
| 035 |
|
|
|a SK01SNKBIKKM20010086501
|
| 035 |
|
|
|a SKM000088964
|
| 040 |
|
|
|a SNK
|b slo
|c SNK
|e AACR2
|
| 041 |
0 |
|
|a hun
|
| 044 |
|
|
|a xo
|c SK
|
| 080 |
|
|
|a 2(075)
|2 1981
|
| 080 |
|
|
|a 372(075)
|2 1981
|
| 245 |
0 |
0 |
|a Római katholikus elemi katekizmus a biblia elemeivel
|b az elemi népiskolák második osztálya részére az első osztály anyagával
|
| 260 |
|
|
|a Bratislava
|b [vydavateľ nie je známy]
|c 1921
|e [s.l.]
|f [s.n.]
|
| 300 |
|
|
|a 47, [1] s.
|c 8°
|
| 500 |
|
|
|a Il.
|
| 650 |
0 |
7 |
|a náboženstvo
|2 SNKPH
|9 2023
|
| 655 |
|
7 |
|a učebnice základných škôl
|2 SNKPH
|9 70187
|
| 852 |
|
|
|a Slovenská národná knižnica v Martine
|b 10000
|h MS SD 17898
|
| 852 |
|
|
|a Univerzitná knižnica v Bratislave
|b 300000
|h 21 F 5263
|
| 852 |
|
|
|a Národní knihovna ČR Praha
|b 9090000
|h 31 I 299
|
| 958 |
|
|
|a ONDV
|
| 958 |
|
|
|a RK
|
| 958 |
|
|
|a TL
|
| 999 |
|
|
|c 736716
|d 738646
|
| 952 |
|
|
|a SNK
|b SNK
|y PREZ
|7 0
|p 17A0629294
|o snkSD 17898
|i snkKSF 2573/59
|8 5
|0 0
|1 0
|4 0
|d 2009-08-27
|l 0
|r 2025-12-02 00:00:00
|w 2026-02-23
|